| 000 | 00351nam a2200157Ia 4500 | ||
|---|---|---|---|
| 100 | _aSahu/G.K | ||
| 650 | _aHandbook | ||
| 942 | _cBK | ||
| 366 | _f20 | ||
| 654 | _apiping design | ||
| 245 | _aHandbook of Piping Design | ||
| 260 |
_bNew Age International Ltd. _aNew Delhi _c2006 |
||
| 082 |
_a696.2/SAH _bSAH |
||
| 300 | _a444 | ||
| 546 | _aENGLISH | ||
| 999 |
_c32108 _d32108 |
||